[Event "World op"]
[Site "Philadelphia"]
[Date "1988.??.??"]
[Round "?"]
[White "Ashley, Maurice"]
[Black "Lane, Gary William"]
[Result "1-0"]
[WhiteElo "2280"]
[BlackElo "2395"]
[PlyCount "71"]
[EventDate "1988.06.??"]
[EventType "swiss"]
[EventRounds "11"]
[EventCountry "USA"]
[SourceTitle "EXT 1997"]
[Source "ChessBase"]
[SourceDate "1996.11.15"]
[SourceVersion "1"]
[SourceVersionDate "1996.11.15"]
[SourceQuality "1"]

1. c4 e6 2. Nf3 Nf6 3. g3 b6 4. Bg2 Ba6 5. b3 c6 6. O-O Be7 7. Bb2 O-O 8. d4 d5
9. Nbd2 Nbd7 10. Re1 c5 11. cxd5 exd5 12. Ne5 Bb7 13. Ndf3 Nxe5 14. Nxe5 Rc8
15. Rc1 cxd4 16. Qxd4 Bc5 17. Qf4 Bd6 18. Qf5 Qe7 19. Ng4 Nxg4 20. Qxg4 f6 21.
Bxd5+ Kh8 22. Bxb7 Qxb7 23. Rcd1 f5 24. Qxg7+ Qxg7 25. Bxg7+ Kxg7 26. Rxd6 Rc2
27. a4 Rb2 28. Rd3 Re8 29. Rd7+ Kg6 30. Rxa7 Rxb3 31. Rd1 f4 32. Rd6+ Kf5 33.
Rf7+ Ke5 34. Rdd7 fxg3 35. hxg3 h5 36. Rh7 1-0

[Event "World op"]
[Site "Philadelphia"]
[Date "1988.??.??"]
[Round "?"]
[White "Rizzitano, James"]
[Black "Ashley, Maurice"]
[Result "0-1"]
[WhiteElo "2435"]
[BlackElo "2280"]
[PlyCount "80"]
[EventDate "1988.06.??"]
[EventType "swiss"]
[EventRounds "11"]
[EventCountry "USA"]
[SourceTitle "EXT 1997"]
[Source "ChessBase"]
[SourceDate "1996.11.15"]
[SourceVersion "1"]
[SourceVersionDate "1996.11.15"]
[SourceQuality "1"]

1. e4 c5 2. Nf3 d6 3. d4 Nf6 4. Nc3 cxd4 5. Nxd4 Nc6 6. Bc4 e6 7. Be3 Be7 8.
O-O a6 9. Bb3 Qc7 10. f4 Na5 11. Qd3 b5 12. f5 e5 13. Nde2 Bb7 14. Nd5 Nxd5 15.
Bxd5 Bxd5 16. Qxd5 Rc8 17. b3 O-O 18. Rac1 Bf6 19. g4 Qd8 20. Qd2 h6 21. Nc3
Nb7 22. Nd5 Nc5 23. Qg2 Bg5 24. Rce1 Nd7 25. Bxg5 hxg5 26. Rf2 Nf6 27. Ne3 Rc3
28. Nd1 Rc5 29. Rd2 d5 30. exd5 Rxd5 31. Rxd5 Nxd5 32. Nf2 Nf4 33. Qe4 Qb6 34.
Kf1 Rc8 35. Rd1 Qc5 36. Rd2 Qc3 37. Qe1 b4 38. Kg1 e4 39. Nxe4 Qf3 40. Nxg5
Qxg4+ 0-1

[Event "World op"]
[Site "Philadelphia"]
[Date "1988.??.??"]
[Round "?"]
[White "Wolff, Patrick G"]
[Black "Ashley, Maurice"]
[Result "1/2-1/2"]
[WhiteElo "2530"]
[BlackElo "2280"]
[PlyCount "74"]
[EventDate "1988.06.??"]
[EventType "swiss"]
[EventRounds "11"]
[EventCountry "USA"]
[SourceTitle "EXT 1997"]
[Source "ChessBase"]
[SourceDate "1996.11.15"]
[SourceVersion "1"]
[SourceVersionDate "1996.11.15"]
[SourceQuality "1"]

1. e4 c5 2. Nf3 d6 3. d4 Nf6 4. Nc3 cxd4 5. Nxd4 Nc6 6. Bc4 e6 7. Be3 Be7 8.
Qe2 Bd7 9. O-O-O O-O 10. f4 Rc8 11. Nxc6 Bxc6 12. e5 Ne4 13. Bd4 Qc7 14. Kb1
dxe5 15. Bxe5 Nxc3+ 16. Bxc3 Qxf4 17. Rd4 Qc7 18. Rg4 g6 19. Qe3 Bd5 20. Bxd5
exd5 21. Qd4 f6 22. Qxd5+ Rf7 23. h4 Rd8 24. Qe6 Qd7 25. Qe2 Re8 26. h5 g5 27.
Re4 Rd8 28. a3 Bf8 29. g4 Qc6 30. Rh3 Rd1+ 31. Qxd1 Qxe4 32. Rh1 Qc6 33. Rf1
Bxa3 34. Rxf6 Rxf6 35. Bxf6 Qxf6 36. Qd5+ Qf7 37. Qxg5+ Qg7 1/2-1/2

[Event "Manhattan CC"]
[Site "New York"]
[Date "1989.??.??"]
[Round "?"]
[White "Ashley, Maurice"]
[Black "Yermolinsky, Alex"]
[Result "0-1"]
[WhiteElo "2415"]
[BlackElo "2480"]
[PlyCount "80"]
[EventDate "1989.??.??"]
[EventType "swiss"]
[EventRounds "9"]
[EventCountry "USA"]
[SourceTitle "EXT 1997"]
[Source "ChessBase"]
[SourceDate "1996.11.15"]
[SourceVersion "1"]
[SourceVersionDate "1996.11.15"]
[SourceQuality "1"]

1. c4 c5 2. Nf3 b6 3. g3 Bb7 4. Bg2 g6 5. O-O Bg7 6. e3 Nf6 7. b3 d5 8. Bb2
dxc4 9. bxc4 O-O 10. d4 cxd4 11. exd4 Nc6 12. Qe2 Rc8 13. Nbd2 Na5 14. Rfe1 e6
15. Ba3 Re8 16. Bb4 Nc6 17. Bc3 Ba6 18. Rac1 Nd5 19. Ba1 Na5 20. Bf1 Ne7 21.
Ne5 Nf5 22. Qd3 Qc7 23. Nb3 Nc6 24. Nf3 Red8 25. Qd2 Ncxd4 26. Nbxd4 Nxd4 27.
Nxd4 e5 28. c5 Bxf1 29. cxb6 Qxb6 30. Rxc8 Rxc8 31. Nf5 Rd8 32. Qc3 Bh3 33.
Nxg7 Qb7 34. f3 Qb6+ 35. Re3 Rd1+ 36. Kf2 Rf1+ 37. Ke2 Qb1 38. Rxe5 Qd1+ 39.
Ke3 Rxf3+ 40. Ke4 f5+ 0-1

[Event "Manhattan CC"]
[Site "New York"]
[Date "1989.??.??"]
[Round "?"]
[White "Bonin, Jay R"]
[Black "Ashley, Maurice"]
[Result "0-1"]
[WhiteElo "2400"]
[BlackElo "2415"]
[PlyCount "100"]
[EventDate "1989.??.??"]
[EventType "swiss"]
[EventRounds "9"]
[EventCountry "USA"]
[SourceTitle "EXT 1997"]
[Source "ChessBase"]
[SourceDate "1996.11.15"]
[SourceVersion "1"]
[SourceVersionDate "1996.11.15"]
[SourceQuality "1"]

1. d4 g6 2. e4 Bg7 3. Nf3 d6 4. h3 a6 5. a4 Nf6 6. Nc3 O-O 7. Be3 b6 8. Be2 Bb7
9. d5 c6 10. O-O Nbd7 11. Re1 Rc8 12. Bd4 cxd5 13. exd5 Rc7 14. Qd2 Qa8 15.
Rad1 Rfc8 16. Bf1 Bf8 17. Be3 Rxc3 18. bxc3 Ne4 19. Qd4 Nxc3 20. Rd3 Nxd5 21.
c4 Nb4 22. Rd2 Bxf3 23. gxf3 Ne5 24. Bg2 Rxc4 25. f4 Qc8 26. fxe5 Rxd4 27. Rxd4
a5 28. exd6 exd6 29. Rc1 Qd7 30. Rdc4 Nd3 31. Rc7 Qxa4 32. Rb1 Ne5 33. Bd5 Qh4
34. Rxb6 Qxh3 35. Rbb7 Nf3+ 36. Bxf3 Qxf3 37. Rb8 Qg4+ 38. Kh2 Kg7 39. Bh6+
Kxh6 40. Rxf8 f5 41. Rh8 Qf3 42. Rcxh7+ Kg5 43. Kg1 f4 44. Rh3 Qg4+ 45. Kh2 Qe2
46. Kg2 a4 47. Ra3 Qe4+ 48. Kh2 Qd4 49. Rhh3 Qxf2+ 50. Kh1 Kg4 0-1

[Event "Manhattan CC"]
[Site "New York"]
[Date "1989.??.??"]
[Round "?"]
[White "Ginsburg, Mark"]
[Black "Ashley, Maurice"]
[Result "1/2-1/2"]
[WhiteElo "2405"]
[BlackElo "2415"]
[PlyCount "122"]
[EventDate "1989.??.??"]
[EventType "swiss"]
[EventRounds "9"]
[EventCountry "USA"]
[SourceTitle "EXT 1997"]
[Source "ChessBase"]
[SourceDate "1996.11.15"]
[SourceVersion "1"]
[SourceVersionDate "1996.11.15"]
[SourceQuality "1"]

1. Nf3 c5 2. g3 g6 3. Bg2 Bg7 4. O-O Nc6 5. Nc3 e6 6. d3 d6 7. Bg5 Nge7 8. Qc1
h6 9. Bd2 Nf5 10. a3 Rb8 11. b4 cxb4 12. axb4 Nxb4 13. Rxa7 Na6 14. Qb1 Qc7 15.
Qb5+ Bd7 16. Qxa6 Bxc3 17. Bxc3 Qxc3 18. Rxb7 Rxb7 19. Qxb7 Ke7 20. Qa7 Rc8 21.
g4 Rc7 22. Qb6 Ng7 23. Qe3 h5 24. Qg5+ Ke8 25. h3 hxg4 26. hxg4 Rc5 27. Qf4 e5
28. Qh6 Ne6 29. Nd2 d5 30. Nf3 e4 31. Ng5 Qe5 32. Nxe6 Bxe6 33. Qd2 Qc7 34.
dxe4 Rxc2 35. Qb4 Rc4 36. Qb5+ Bd7 37. Qxd5 Bxg4 38. Qa8+ Ke7 39. Qa3+ Ke8 40.
Qb2 Be6 41. Rd1 Rc2 42. Qh8+ Ke7 43. Qh4+ Ke8 44. e5 Rc1 45. Qh8+ Ke7 46. Qf6+
Ke8 47. Rxc1 Qxc1+ 48. Kh2 Qc4 49. e3 Qg4 50. Qf4 Qxf4+ 51. exf4 Ke7 52. Be4
Ba2 53. Kg3 Bb3 54. Kh4 Ba2 55. Kg5 Bb3 56. Kh6 Kf8 57. f5 gxf5 58. Bxf5 Ba2
59. Bg4 Bb3 60. f4 Ba2 61. f5 f6 1/2-1/2

[Event "Manhattan CC"]
[Site "New York"]
[Date "1989.??.??"]
[Round "?"]
[White "Shipman, Walter"]
[Black "Ashley, Maurice"]
[Result "1-0"]
[WhiteElo "2330"]
[BlackElo "2415"]
[PlyCount "79"]
[EventDate "1989.??.??"]
[EventType "swiss"]
[EventRounds "9"]
[EventCountry "USA"]
[SourceTitle "EXT 1997"]
[Source "ChessBase"]
[SourceDate "1996.11.15"]
[SourceVersion "1"]
[SourceVersionDate "1996.11.15"]
[SourceQuality "1"]

1. d4 g6 2. e4 Bg7 3. Nc3 d6 4. Nge2 Nf6 5. g3 c5 6. dxc5 Qa5 7. cxd6 O-O 8.
dxe7 Re8 9. Bg2 Nc6 10. O-O Be6 11. Nd5 Nxe7 12. Bd2 Qd8 13. Nxf6+ Bxf6 14. Bc3
Bxc3 15. Qxd8 Raxd8 16. Nxc3 Rd2 17. Rac1 Nc6 18. Rfd1 Rxd1+ 19. Rxd1 Kf8 20.
Nd5 Rd8 21. a3 Ne5 22. Ne3 Rc8 23. f4 Nc4 24. Nxc4 Rxc4 25. c3 Ke7 26. e5 Rc5
27. Kf2 g5 28. Ke3 gxf4+ 29. Kxf4 b6 30. Rd4 h6 31. Be4 Bb3 32. Bf5 Rc7 33. h4
Ba2 34. g4 Bb3 35. h5 Ba2 36. g5 hxg5+ 37. Kxg5 Be6 38. h6 Bxf5 39. Kxf5 Rc8
40. h7 1-0

[Event "New York Manhattan"]
[Site "New York"]
[Date "1989.??.??"]
[Round "?"]
[White "Ashley, Maurice"]
[Black "Bonin, Jay R"]
[Result "1/2-1/2"]
[WhiteElo "2415"]
[BlackElo "2400"]
[PlyCount "83"]
[EventDate "1989.??.??"]
[EventType "tourn"]
[EventRounds "10"]
[EventCountry "USA"]
[EventCategory "5"]
[SourceTitle "EXT 1997"]
[Source "ChessBase"]
[SourceDate "1996.11.15"]
[SourceVersion "1"]
[SourceVersionDate "1996.11.15"]
[SourceQuality "1"]

1. Nf3 Nf6 2. g3 d5 3. Bg2 c6 4. d3 h6 5. b3 Bf5 6. Bb2 e6 7. Nbd2 Bc5 8. O-O
O-O 9. Qe1 Nbd7 10. e4 dxe4 11. dxe4 Bh7 12. Qe2 a5 13. a4 Qc7 14. Ne1 e5 15.
Nef3 Rfe8 16. Rad1 Rad8 17. h3 Ba7 18. Nh2 Nc5 19. Ng4 Nxg4 20. hxg4 Ne6 21.
Nf3 Nd4 22. Qe3 Nxf3+ 23. Qxf3 f6 24. Rxd8 Rxd8 25. Rd1 Qb6 26. Rxd8+ Qxd8 27.
Bc3 b5 28. Bf1 b4 29. Be1 Qd4 30. Bd3 Kf8 31. Kg2 Bc5 32. Bd2 Ke7 33. Qe2 Bg8
34. Be3 Qd6 35. Bc1 Be6 36. Bc4 Bc8 37. Qf3 Kd8 38. Be2 Be6 39. Bd3 Bd4 40. Be2
Qc5 41. Bd3 Qc3 42. Qe2 1/2-1/2

[Event "New York Manhattan"]
[Site "New York"]
[Date "1989.??.??"]
[Round "?"]
[White "Ashley, Maurice"]
[Black "Brooks, Michael A"]
[Result "0-1"]
[WhiteElo "2415"]
[BlackElo "2385"]
[PlyCount "90"]
[EventDate "1989.??.??"]
[EventType "tourn"]
[EventRounds "10"]
[EventCountry "USA"]
[EventCategory "5"]
[SourceTitle "EXT 1997"]
[Source "ChessBase"]
[SourceDate "1996.11.15"]
[SourceVersion "1"]
[SourceVersionDate "1996.11.15"]
[SourceQuality "1"]

1. c4 Nf6 2. Nc3 g6 3. g3 Bg7 4. Bg2 c6 5. e4 d6 6. Nge2 Nbd7 7. O-O h5 8. d4
h4 9. Bf4 e5 10. dxe5 dxe5 11. Bg5 hxg3 12. hxg3 Qe7 13. Qd2 Nc5 14. f3 Be6 15.
b3 Rd8 16. Qe3 Rd3 17. Qf2 b6 18. Rfd1 Nfxe4 19. Rxd3 Nxf2 20. Bxe7 Nfxd3 21.
Bg5 Kd7 22. Rd1 Kc7 23. Nb1 Bh6 24. Bxh6 Rxh6 25. Nbc3 Rh8 26. Bf1 Rd8 27. Rb1
Nb4 28. Rb2 Ncd3 29. Rb1 Nc2 30. Bg2 f5 31. Bh3 Rh8 32. Bg2 Ne3 33. Ra1 Bf7 34.
Rb1 g5 35. Ra1 Bg6 36. Bf1 Rd8 37. Bg2 Rd7 38. Bh3 Rh7 39. Bg2 a6 40. Bf1 Rh8
41. Bg2 f4 42. Bf1 Bf5 43. Bg2 Bg6 44. Bf1 g4 45. Bg2 e4 0-1

[Event "New York Manhattan"]
[Site "New York"]
[Date "1989.??.??"]
[Round "?"]
[White "Ashley, Maurice"]
[Black "Stone, Raymond"]
[Result "0-1"]
[WhiteElo "2415"]
[BlackElo "2345"]
[PlyCount "64"]
[EventDate "1989.??.??"]
[EventType "tourn"]
[EventRounds "10"]
[EventCountry "USA"]
[EventCategory "5"]
[SourceTitle "EXT 1997"]
[Source "ChessBase"]
[SourceDate "1996.11.15"]
[SourceVersion "1"]
[SourceVersionDate "1996.11.15"]
[SourceQuality "1"]

1. c4 Nf6 2. Nc3 c5 3. g3 e6 4. Nf3 b6 5. Bg2 Bb7 6. O-O Be7 7. b3 d6 8. Bb2
O-O 9. e3 Nbd7 10. Qe2 Qc7 11. Rac1 a6 12. d4 Ne4 13. Rfd1 Rfe8 14. d5 Nxc3 15.
Bxc3 exd5 16. cxd5 Bf6 17. Qd3 b5 18. Bxf6 Nxf6 19. Nh4 Qb6 20. h3 a5 21. Kh2
b4 22. e4 g6 23. f4 a4 24. Re1 axb3 25. axb3 Ra2 26. Kh1 Nd7 27. Nf3 Ba6 28.
Qd1 c4 29. Qd4 cxb3 30. Re3 b2 31. Rb1 Qxd4 32. Nxd4 Nc5 0-1

[Event "New York Manhattan"]
[Site "New York"]
[Date "1989.??.??"]
[Round "?"]
[White "Ashley, Maurice"]
[Black "Young, Ronald"]
[Result "1-0"]
[WhiteElo "2415"]
[BlackElo "2285"]
[PlyCount "41"]
[EventDate "1989.??.??"]
[EventType "tourn"]
[EventRounds "10"]
[EventCountry "USA"]
[EventCategory "5"]
[SourceTitle "EXT 1997"]
[Source "ChessBase"]
[SourceDate "1996.11.15"]
[SourceVersion "1"]
[SourceVersionDate "1996.11.15"]
[SourceQuality "1"]

1. c4 e5 2. Nc3 Nf6 3. Nf3 Nc6 4. e4 Bb4 5. d3 Bxc3+ 6. bxc3 d6 7. g3 O-O 8.
Bg2 h6 9. Rb1 b6 10. O-O Ne7 11. Nh4 g5 12. Nf3 Nd7 13. Ne1 Nc5 14. f4 f6 15.
Rb2 Be6 16. Rbf2 Qd7 17. Qh5 Bg4 18. Qxh6 exf4 19. gxf4 Ne6 20. fxg5 f5 21. g6
1-0

[Event "New York Manhattan"]
[Site "New York"]
[Date "1989.??.??"]
[Round "?"]
[White "Edelman, Daniel"]
[Black "Ashley, Maurice"]
[Result "1/2-1/2"]
[WhiteElo "2350"]
[BlackElo "2415"]
[PlyCount "20"]
[EventDate "1989.??.??"]
[EventType "tourn"]
[EventRounds "10"]
[EventCountry "USA"]
[EventCategory "5"]
[SourceTitle "EXT 1997"]
[Source "ChessBase"]
[SourceDate "1996.11.15"]
[SourceVersion "1"]
[SourceVersionDate "1996.11.15"]
[SourceQuality "1"]

1. e4 c5 2. Nf3 d6 3. d4 cxd4 4. Nxd4 Nf6 5. Nc3 Nc6 6. Be3 e6 7. f4 a6 8. Qf3
Qc7 9. O-O-O Bd7 10. g4 Nxd4 1/2-1/2

[Event "New York Manhattan"]
[Site "New York"]
[Date "1989.??.??"]
[Round "?"]
[White "Garcia, Gildardo"]
[Black "Ashley, Maurice"]
[Result "1-0"]
[WhiteElo "2430"]
[BlackElo "2415"]
[PlyCount "75"]
[EventDate "1989.??.??"]
[EventType "tourn"]
[EventRounds "10"]
[EventCountry "USA"]
[EventCategory "5"]
[SourceTitle "EXT 1997"]
[Source "ChessBase"]
[SourceDate "1996.11.15"]
[SourceVersion "1"]
[SourceVersionDate "1996.11.15"]
[SourceQuality "1"]

1. e4 c5 2. Nf3 d6 3. d4 Nf6 4. Nc3 cxd4 5. Nxd4 Nc6 6. Bg5 e6 7. Qd2 a6 8.
O-O-O h6 9. Bf4 Bd7 10. Nxc6 Bxc6 11. Qe1 Be7 12. e5 Nh5 13. Be3 Qc7 14. Be2 g6
15. g4 Ng7 16. exd6 Bxd6 17. Rf1 h5 18. h3 hxg4 19. hxg4 Rh3 20. Qd2 O-O-O 21.
Qd4 Be5 22. Qa7 Rxd1+ 23. Rxd1 Rh8 24. Bd4 Bxd4 25. Rxd4 Qb8 26. Qc5 Qc7 27. f4
f5 28. b4 Rd8 29. a4 Rxd4 30. Qxd4 fxg4 31. Bxg4 Nf5 32. Bxf5 exf5 33. b5 axb5
34. axb5 Be4 35. Kb2 Qxf4 36. b6 g5 37. Nb5 Bc6 38. Na7+ 1-0

[Event "New York Manhattan"]
[Site "New York"]
[Date "1989.??.??"]
[Round "?"]
[White "Hoffmann, Asa"]
[Black "Ashley, Maurice"]
[Result "1-0"]
[WhiteElo "2315"]
[BlackElo "2415"]
[PlyCount "63"]
[EventDate "1989.??.??"]
[EventType "tourn"]
[EventRounds "10"]
[EventCountry "USA"]
[EventCategory "5"]
[SourceTitle "EXT 1997"]
[Source "ChessBase"]
[SourceDate "1996.11.15"]
[SourceVersion "1"]
[SourceVersionDate "1996.11.15"]
[SourceQuality "1"]

1. e4 c5 2. Nf3 a6 3. g3 Nc6 4. Bg2 g6 5. O-O Bg7 6. Nc3 e6 7. d3 Nge7 8. Be3
Nd4 9. Nh4 O-O 10. Qd2 d5 11. Nd1 dxe4 12. dxe4 b6 13. f4 Ra7 14. c3 Ndc6 15.
Qc2 Rd7 16. Nf2 Qc7 17. Nf3 Bb7 18. h4 Rc8 19. h5 Qb8 20. hxg6 hxg6 21. Qe2 a5
22. Ng5 Nd8 23. Qg4 Qa8 24. Qh4 f6 25. Qh7+ Kf8 26. Ng4 fxg5 27. Ne5 Bxe5 28.
fxe5+ Nf5 29. Qxd7 Bxe4 30. Bxg5 Bxg2 31. Rxf5+ gxf5 32. Bh6+ 1-0

[Event "New York Manhattan"]
[Site "New York"]
[Date "1989.??.??"]
[Round "?"]
[White "Shapiro, Daniel E"]
[Black "Ashley, Maurice"]
[Result "0-1"]
[WhiteElo "2350"]
[BlackElo "2415"]
[PlyCount "72"]
[EventDate "1989.??.??"]
[EventType "tourn"]
[EventRounds "10"]
[EventCountry "USA"]
[EventCategory "5"]
[SourceTitle "EXT 1997"]
[Source "ChessBase"]
[SourceDate "1996.11.15"]
[SourceVersion "1"]
[SourceVersionDate "1996.11.15"]
[SourceQuality "1"]

1. d4 Nf6 2. c4 e6 3. Nc3 Bb4 4. e3 b6 5. Nge2 Ba6 6. a3 Be7 7. Ng3 d5 8. Qa4+
c6 9. cxd5 Bxf1 10. Nxf1 Nxd5 11. Bd2 Nxc3 12. Bxc3 Qd5 13. f3 Bh4+ 14. Ke2 O-O
15. g3 Be7 16. Rd1 b5 17. Qc2 a5 18. e4 Qh5 19. Kf2 Nd7 20. Ne3 b4 21. axb4
axb4 22. Bd2 c5 23. dxc5 b3 24. Qxb3 Rab8 25. Qc2 Ne5 26. Ng4 Bxc5+ 27. Kg2
Nxf3 28. h3 Nd4 29. Qc1 Rfc8 30. Bc3 f5 31. Qh6 Qe8 32. Qg5 fxg4 33. Rxd4 Bxd4
34. Bxd4 Rc2+ 35. Kg1 Qd7 36. Qe5 Rbxb2 0-1

[Event "New York op"]
[Site "New York"]
[Date "1989.??.??"]
[Round "1"]
[White "Thorsteins, Karl"]
[Black "Ashley, Maurice"]
[Result "1/2-1/2"]
[WhiteElo "2430"]
[BlackElo "2415"]
[PlyCount "73"]
[EventDate "1989.03.??"]
[EventType "swiss"]
[EventRounds "9"]
[EventCountry "USA"]
[SourceTitle "CBM 012"]
[Source "ChessBase"]
[SourceDate "1989.10.01"]
[SourceVersion "1"]
[SourceVersionDate "1989.10.01"]
[SourceQuality "1"]

1. d4 Nf6 2. c4 e6 3. Nc3 c5 4. d5 exd5 5. cxd5 d6 6. e4 g6 7. f4 Bg7 8. Bb5+
Nbd7 9. e5 dxe5 10. fxe5 Nh5 11. e6 Qh4+ 12. g3 Nxg3 13. hxg3 Qxh1 14. exd7+
Bxd7 15. Bxd7+ Kxd7 16. Qg4+ f5 17. Qa4+ Kc8 18. Be3 Bxc3+ 19. bxc3 Qxd5 20.
Rd1 Qc6 21. Qxc6+ bxc6 22. Bxc5 Rb8 23. Rd2 Rd8 24. Re2 Rd3 25. Bd4 Kd7 26. Kf2
c5 27. Bxc5 Rxc3 28. Bd4 Rc1 29. Bxa7 Rbc8 30. Be3 R1c2 31. a4 Rxe2+ 32. Nxe2
Rc4 33. a5 Ra4 34. Bb6 h5 35. Nd4 Kc8 36. Kf3 Rxd4 37. Bxd4 1/2-1/2

[Event "New York op"]
[Site "New York"]
[Date "1989.??.??"]
[Round "3"]
[White "Gomez Esteban, Juan Mario"]
[Black "Ashley, Maurice"]
[Result "1/2-1/2"]
[WhiteElo "2460"]
[BlackElo "2415"]
[PlyCount "81"]
[EventDate "1989.03.??"]
[EventType "swiss"]
[EventRounds "9"]
[EventCountry "USA"]
[SourceTitle "CBM 012"]
[Source "ChessBase"]
[SourceDate "1989.10.01"]
[SourceVersion "1"]
[SourceVersionDate "1989.10.01"]
[SourceQuality "1"]

1. d4 Nf6 2. Nf3 e6 3. g3 c5 4. Bg2 cxd4 5. Nxd4 Bb4+ 6. c3 Be7 7. O-O O-O 8.
c4 d6 9. Nc3 a6 10. b3 Ra7 11. a4 b6 12. Qd2 Rd7 13. Qa2 Bb7 14. e4 Qc8 15. Bb2
Rdd8 16. a5 bxa5 17. Qxa5 Nbd7 18. Rfe1 Rfe8 19. Rad1 Qa8 20. Qa2 Rc8 21. Ba1
Bf8 22. Qe2 Nc5 23. b4 Ncd7 24. Nb3 Qb8 25. Na5 Ba8 26. Rb1 Qc7 27. Rec1 d5 28.
c5 Bxc5 29. Na4 Qd8 30. Nxc5 Nxc5 31. Bxf6 gxf6 32. bxc5 Qxa5 33. Qg4+ Kh8 34.
Qh4 Qd8 35. exd5 Bxd5 36. Bxd5 exd5 37. Rb7 Re4 38. Qh3 Qe8 39. Qd7 Qxd7 40.
Rxd7 Rc4 41. Ra1 1/2-1/2

[Event "New York op"]
[Site "New York"]
[Date "1989.??.??"]
[Round "4"]
[White "Ashley, Maurice"]
[Black "Gurevich, Dmitry"]
[Result "0-1"]
[WhiteElo "2415"]
[BlackElo "2480"]
[PlyCount "214"]
[EventDate "1989.03.??"]
[EventType "swiss"]
[EventRounds "9"]
[EventCountry "USA"]
[SourceTitle "CBM 012"]
[Source "ChessBase"]
[SourceDate "1989.10.01"]
[SourceVersion "1"]
[SourceVersionDate "1989.10.01"]
[SourceQuality "1"]

1. d4 Nf6 2. c4 e6 3. Nc3 Bb4 4. g3 c5 5. Nf3 Nc6 6. Bg2 Ne4 7. Bd2 Bxc3 8.
bxc3 Na5 9. Bf4 d5 10. cxd5 Nxc3 11. Qc2 Nxd5 12. Bg5 f6 13. Bd2 cxd4 14. Qa4+
Nc6 15. Nxd4 Bd7 16. Rb1 Nxd4 17. Qxd4 Bc6 18. Qg4 Qd7 19. O-O O-O 20. Rfd1 Qf7
21. Qd4 Rfd8 22. Ba5 Rd7 23. Qc5 Qe7 24. Qc4 Rc8 25. e4 Nc7 26. Bh3 Kf7 27.
Rdc1 Rcd8 28. Qe2 g6 29. Qe3 Kg7 30. e5 f5 31. Bxc7 Rxc7 32. Qxa7 Be4 33. Qb6
Rdc8 34. Rxc7 Qxc7 35. Qxc7+ Rxc7 36. Re1 Bd5 37. a3 b5 38. Bf1 Rc5 39. Rb1 Bc6
40. f4 g5 41. Kf2 Rc2+ 42. Ke3 Rxh2 43. Bxb5 Be4 44. Rc1 gxf4+ 45. gxf4 Rh3+
46. Kd4 Rxa3 47. Rc7+ Kg6 48. Re7 Bd5 49. Be8+ Kh6 50. Bc6 Ba2 51. Be8 Rf3 52.
Bf7 Rxf4+ 53. Kc5 Rc4+ 54. Kd6 Rd4+ 55. Kc7 Ra4 56. Bxe6 Ra7+ 57. Kd6 Ra6+ 58.
Kd7 Rxe6 59. Rxe6+ Bxe6+ 60. Kxe6 f4 61. Kd6 f3 62. e6 f2 63. e7 f1=Q 64. e8=Q
Qd1+ 65. Kc7 Qc2+ 66. Kb7 Qg2+ 67. Kb8 Qg3+ 68. Kb7 Qg7+ 69. Ka8 Qa1+ 70. Kb7
Qf6 71. Qe3+ Kg7 72. Qg3+ Kf8 73. Qh2 h6 74. Ka7 Kg7 75. Ka8 Qa6+ 76. Kb8 Qb5+
77. Ka8 Qd5+ 78. Kb8 Qg8+ 79. Kb7 Qf7+ 80. Kc6 Qf5 81. Kd6 h5 82. Qe5+ Kg6 83.
Qg3+ Kh6 84. Qe3+ Qg5 85. Qc3 Qd8+ 86. Ke6 Qg8+ 87. Kd6 h4 88. Qc1+ Qg5 89. Qf1
Kg6 90. Ke6 Qe3+ 91. Kd5 h3 92. Qf8 Kg5 93. Qg7+ Kh4 94. Qh7+ Kg4 95. Qd7+ Kg3
96. Qg7+ Kf3 97. Qf6+ Qf4 98. Qc3+ Kg4 99. Ke6 h2 100. Qg7+ Kh5 101. Qb7 Qe3+
102. Kd7 Qd2+ 103. Kc7 Qc1+ 104. Kb8 h1=Q 105. Qf7+ Kg4 106. Qe6+ Kg3 107. Qg6+
Kf2 0-1

[Event "New York op"]
[Site "New York"]
[Date "1989.??.??"]
[Round "8"]
[White "Ashley, Maurice"]
[Black "Reyes, Romuel"]
[Result "1-0"]
[WhiteElo "2415"]
[BlackElo "2315"]
[PlyCount "87"]
[EventDate "1989.03.??"]
[EventType "swiss"]
[EventRounds "9"]
[EventCountry "USA"]
[SourceTitle "CBM 012"]
[Source "ChessBase"]
[SourceDate "1989.10.01"]
[SourceVersion "1"]
[SourceVersionDate "1989.10.01"]
[SourceQuality "1"]

1. Nf3 Nf6 2. c4 g6 3. g3 Bg7 4. Bg2 c6 5. O-O O-O 6. b3 d5 7. Bb2 Re8 8. d4
Bf5 9. Nbd2 Ne4 10. Nh4 Nxd2 11. Qxd2 Be6 12. Rfc1 Na6 13. cxd5 cxd5 14. Rc3
Rc8 15. Rxc8 Bxc8 16. Rc1 e6 17. Nf3 f6 18. Ne1 Bd7 19. e4 Bc6 20. e5 fxe5 21.
dxe5 Nb8 22. f4 Bf8 23. Nf3 Bd7 24. h4 Nc6 25. Kh2 Qe7 26. h5 gxh5 27. f5 Qf7
28. fxe6 Bxe6 29. Rf1 Bb4 30. Qe3 Be7 31. Nd4 Qg6 32. Nxe6 Qxe6 33. Bh3 Qg6 34.
Bf5 Qg5 35. Be6+ Kg7 36. Rf7+ Kh6 37. Qd3 Rh8 38. Qf1 Qd2+ 39. Kh3 Bg5 40. Rf6+
Kg7 41. Rf7+ Kh6 42. Rf5 Re8 43. Rxg5 Qxg5 44. Bc1 1-0

[Event "New York op"]
[Site "New York"]
[Date "1989.??.??"]
[Round "9"]
[White "Shapiro, Daniel E"]
[Black "Ashley, Maurice"]
[Result "0-1"]
[WhiteElo "2350"]
[BlackElo "2415"]
[PlyCount "84"]
[EventDate "1989.03.??"]
[EventType "swiss"]
[EventRounds "9"]
[EventCountry "USA"]
[SourceTitle "CBM 012"]
[Source "ChessBase"]
[SourceDate "1989.10.01"]
[SourceVersion "1"]
[SourceVersionDate "1989.10.01"]
[SourceQuality "1"]

1. d4 Nf6 2. c4 e6 3. Nf3 b6 4. a3 Bb7 5. Nc3 d5 6. cxd5 Nxd5 7. e3 Nxc3 8.
bxc3 Be7 9. Bb5+ c6 10. Bd3 Nd7 11. O-O c5 12. Qe2 O-O 13. Bb2 Qc7 14. Rad1 Bf6
15. c4 cxd4 16. exd4 Rfe8 17. Ne5 Nxe5 18. dxe5 Be7 19. f4 Rad8 20. f5 exf5 21.
Bxf5 Rxd1 22. Qxd1 Bc5+ 23. Kh1 g6 24. Bd7 Re7 25. Bg4 Bc8 26. Bf3 Be6 27. Qb3
Re8 28. Bd5 Bf8 29. Qa4 b5 30. Qd1 bxc4 31. Bxe6 Rxe6 32. Qf3 c3 33. Bxc3 Bxa3
34. Ba5 Qe7 35. Bd8 Qf8 36. Bf6 Be7 37. Qb7 a6 38. h3 Qe8 39. Kh2 Bxf6 40. exf6
Rxf6 41. Rc1 Qe5+ 42. Kh1 Kg7 0-1

[Event "World op 17th"]
[Site "Philadelphia"]
[Date "1989.??.??"]
[Round "2"]
[White "Ivanov, Alexander"]
[Black "Ashley, Maurice"]
[Result "1-0"]
[WhiteElo "2470"]
[BlackElo "2415"]
[PlyCount "79"]
[EventDate "1989.06.??"]
[EventType "swiss"]
[EventRounds "10"]
[EventCountry "USA"]
[SourceTitle "EXT 1997"]
[Source "ChessBase"]
[SourceDate "1996.11.15"]
[SourceVersion "1"]
[SourceVersionDate "1996.11.15"]
[SourceQuality "1"]

1. e4 c5 2. Nf3 d6 3. d4 Nf6 4. Nc3 cxd4 5. Nxd4 Nc6 6. g3 e6 7. Bg2 Qc7 8. O-O
a6 9. Re1 Be7 10. Nxc6 bxc6 11. e5 dxe5 12. Rxe5 O-O 13. Bf4 Qb7 14. Na4 Nd5
15. Bd2 Bf6 16. Re2 a5 17. Rb1 Rd8 18. Qe1 Qa7 19. c4 Nb6 20. Be3 Bd4 21. Nxb6
Qxb6 22. Rd1 Bb7 23. Red2 Bxe3 24. Qxe3 Rxd2 25. Rxd2 Qb4 26. c5 Qc4 27. Qd4
Qxd4 28. Rxd4 Rb8 29. b3 Rc8 30. Rd7 Ba6 31. Ra7 Bb5 32. Rxa5 g5 33. Bf1 Bxf1
34. Kxf1 Kg7 35. b4 h5 36. Ke2 e5 37. Ra6 f6 38. a4 g4 39. Kd3 Kg6 40. Kc4 1-0